Normal view
MARC view
- Maraks,Obrien
Entry Personal Name
001 - CONTROL NUMBER
- control field: 515
003 - CONTROL NUMBER IDENTIFIER
- control field: JO-AjAnu
005 - DATE AND TIME OF LATEST TRANSACTION
- control field: 20230606070405.0
008 - FIXED-LENGTH DATA ELEMENTS
- fixed length control field: 230606|| aca||aabn | a|a d
040 ## - CATALOGING SOURCE
- Original cataloging agency: JO-AjAnu
- Transcribing agency: JO-AjAnu
100 ## - HEADING--PERSONAL NAME
- Personal name: Maraks,Obrien
670 ## - SOURCE DATA FOUND
- Source citation: Work cat.: (JO-AjAnu)274: Maraks,Obrien, author, management information system